000 01053nam a22002537a 4500
005 20240530110551.0
008 160720s2014 ua a f b 000 0 ara d
017 _a2013/15403
_bمصر . دار الكتب المصرية
020 _a9789777220224
040 _aEG-CaGPL
082 0 4 _221
_a658.312404\
_bخ ت
110 0 _aخبراء المجموعة العربية للتدريب و النشر
245 1 2 _aالتمكين الادارى و صناعة قادة المستقبل /
_cاعداد خبراء المجموعة العربية للتدريب و النشر
250 _aط. 1
260 _aالقاهرة :
_bالمجموعة العربية للتدريب و النشر ،
_c2014 .
300 _a89 ص. :
_bايض ؛
_c30 سم .
490 0 _aالمهارات القيادية
504 _aيشتمل على ارجاعات ببليوجرافية
650 0 4 _aالتدريب
650 0 4 _aالتنمية الادارية
650 0 4 _aاعداد القادة .
650 0 4 _aالتمكين الادارى .
942 _2ddc
_cBK
999 _c62470
_d62470